|
|
|
|
| LEADER |
00000nab a2200000 a 4500 |
| 001 |
vtls000859573 |
| 003 |
SK-MaSNL |
| 005 |
20260304130636.0 |
| 008 |
250429c2003 xo 0 slo |
| 015 |
|
|
|a SNBRB2004/01-02648
|
| 035 |
|
|
|a CLN000211195
|
| 035 |
|
|
|a urn:nbn:sk:snk-abrlr
|
| 035 |
|
|
|a (urnnbn)urn:nbn:sk:snk:ar-a04vmr
|
| 035 |
|
|
|a (uuid)4d5bd141-02a4-4e6a-bc7b-b568392d5834
|
| 040 |
|
|
|a SNKBUCL
|b slo
|c SNKBUCL
|e AACR2
|
| 041 |
0 |
|
|a slo
|
| 044 |
|
|
|a xo
|c SK
|
| 080 |
|
|
|a 616.441-006.6:575
|2 1997
|
| 245 |
0 |
0 |
|a Mnohopočetná endokrinná neoplázia typu 2
|c J. Lángoš ... [et al.]
|
| 300 |
|
|
|b Obr., sch., tab.
|
| 504 |
|
|
|a Res. angl., slov.
|
| 504 |
|
|
|a Bibliogr. odkazy
|
| 650 |
0 |
7 |
|a neoplázia endokrinná mnohopočetná, typ 2a
|x diagnostika
|x genetika
|x dieťa
|2 MESH
|9 1442140
|
| 650 |
0 |
7 |
|a neoplázia endokrinná mnohopočetná, typ 2b
|x diagnostika
|x genetika
|x dieťa
|2 MESH
|9 1442141
|
| 650 |
0 |
7 |
|a poradenstvo genetické
|2 MESH
|9 1442142
|
| 650 |
0 |
7 |
|a feochromocytóm
|x etiológia
|x genetika
|x patológia
|2 MESH
|9 1442143
|
| 650 |
0 |
7 |
|a katecholamíny
|2 MESH
|9 18432
|
| 650 |
0 |
7 |
|a terapia ultrafialovým žiarením
|x využitie
|2 MESH
|9 1442144
|
| 655 |
|
7 |
|a články z novín a časopisov
|2 snkbucl
|9 267496
|
| 700 |
1 |
|
|a Blažíček, Pavel,
|d 1942-
|4 aut
|9 178661
|
| 700 |
1 |
|
|a Lángoš, Ján,
|d 1924-2003
|4 aut
|9 71178
|
| 700 |
1 |
|
|a Weismanová, Eva,
|d 1956-
|4 aut
|9 10802
|
| 700 |
1 |
|
|a Pacák, K.
|4 aut
|9 1146394
|
| 773 |
0 |
|
|t Medicina militaris slovaca
|g Roč. 5, č. 1 (2003), s. 22-26
|x 1335-5139
|
| 850 |
|
|
|a Slovenská národná knižnica
|
| 852 |
|
|
|a Slovenská národná knižnica
|
| 954 |
|
|
|a odborná, vedecká literatúra pôvodná (slovenská)
|2 lita
|
| 958 |
|
|
|a article27
|
| 958 |
|
|
|a MI
|
| 958 |
|
|
|a NB
|
| 958 |
|
|
|a OND
|
| 958 |
|
|
|a EUIPO
|
| 999 |
|
|
|c 2895598
|d 2897528
|